000 01791nam a2200493 i 4500
001 6694
003 KOSZ 005
005 20221110141101.0
008 970510s1993 pl a f f |000 0 pol
015 _aPB 1995/7682
035 _a991000094539705066
035 _a(PL-WaBN)b10068442-48omnis_nlop
035 _ab10068442
035 _a(OCoLC)833963550
035 _a(PL)b0000001006844
035 _a(EXLNZ-48OMNIS_NETWORK)9910107123405606
040 _aWA N
_cWA N
_dKOSZ 005/HR
046 _k1993
080 _a678.4/.7
080 _a(075.8)
100 1 _aMazurkiewicz, Stanisław
_d(1937-2022)
_eAutor
245 1 0 _aTworzywa niemetalowe :
_b(budowa, własności, przetwórstwo, zastosowanie) /
_cStanisław Mazurkiewicz ; Politechnika Krakowska im. Tadeusza Kościuszki.
250 _aWyd. 2.
260 _aKraków :
_bPK,
_c1993.
300 _a197 s. :
_brys., wykr. ;
_c24 cm.
336 _2rdacontent
_aTekst
_btxt
337 _2rdamedia
_aBez urządzenia pośredniczącego
_bn
338 _2rdacarrier
_aWolumin
_bnc
380 _aKsiążki
380 _aPublikacje dydaktyczne
385 _mPoziom nauczania
_aSzkoły wyższe
388 _a1901-2000
388 _a1989-2000
504 _aBibliogr. s. 194-197, spis norm s. 191-193.
521 _aSkrypt dla studentów wyższych szkół technicznych.
650 7 _aTworzywa sztuczne
_2DBN
655 7 _aPodręczniki akademickie
_2DBN
658 _aInżynieria i technika
710 2 _aPolitechnika Krakowska im. Tadeusza Kościuszki
710 2 _aWydawnictwo Politechniki Krakowskiej
_4pbl
856 _uhttp://koha.tu.koszalin.pl/cgi-bin/koha/opac-detail.pl?biblionumber=6694
_yKatalog online BPK
942 _2UKD
_cKS
999 _c6694
_d6694